000 00304nam a22001217a 4500
020 _a0-02-369685-0
082 _a005.133-P LEE'P
100 _aNYHOFF, L , LEESTMA, S
_962284
245 _aPASCAL ,PROGRAMMING AND PROBLEM SOLVING
260 _aNEWYORK
_bMACMILLAN
_c1990
300 _a748P
942 _cBK
999 _c571438
_d571438